[Event "CZE-chT2e 0405"]
[Site "Czech Republic"]
[Date "2005.03.06"]
[Round "9.4"]
[White "Hurt, Lukas"]
[Black "Misa, Stanislav"]
[Result "1-0"]
[WhiteElo "2116"]
[BlackElo "1949"]
[PlyCount "71"]
[EventDate "2004.10.17"]
[EventType "team"]
[EventRounds "11"]
[EventCountry "CZE"]
[SourceTitle "EXT 2007"]
[Source "ChessBase"]
[SourceDate "2006.11.23"]
[SourceVersion "1"]
[SourceVersionDate "2006.11.23"]
[SourceQuality "1"]

1. e4 e5 2. Nf3 Nf6 3. Bc4 Nc6 4. Ng5 d5 5. exd5 Na5 6. Bb5+ c6 7. dxc6 bxc6 8. Be2 Nd5 9. d4 h6 10. Nf3 exd4 11. Qxd4 Qb6 12. 0-0 Qxd4 13. Nxd4 Bc5 14. Rd1 Bd7 15. c4 Nf6 16. Nc3 0-0 17. Be3 Ng4 18. Bf4 Rfe8 19. Kf1 Nf6 20. Bc7 Bb6 21. Bg3 Ne4 22. Rac1 Nxg3+ 23. hxg3 Bc5 24. Bf3 Rad8 25. Ne4 Bxd4 26. Rxd4 Be6 27. Rxd8 Rxd8 28. b3 Nb7 29. Ke1 Kf8 30. g4 Ke7 31. g5 hxg5 32. Nxg5 Bd7 33. c5 Be8 34. Rc4 f6 35. Re4+ Kf8 36. Ne6+ 1-0